Differential equations and mathematical biology (Record no. 9407)

MARC details
000 -LEADER
fixed length control field 00534 a2200181 4500
000 - LEADER
fixed length control field BKB
001 - CONTROL NUMBER
control field 136175
005 - DATE AND TIME OF LATEST TRANSACTION
control field 20200902152958.0
008 - FIXED-LENGTH DATA ELEMENTS--GENERAL INFORMATION
fixed length control field
082 ## - DEWEY DECIMAL CLASSIFICATION NUMBER
Classification number 574.0151535
Item number J73D
100 1# - MAIN ENTRY--PERSONAL NAME
Personal name Jones, D.S...[et.al.]
245 1# - TITLE STATEMENT
Title Differential equations and mathematical biology
Statement of responsibility, etc by D.S. Jones
250 ## - EDITION STATEMENT
Edition statement 2nd ed.
260 ## - PUBLICATION, DISTRIBUTION, ETC. (IMPRINT)
Place of publication, distribution, etc Boco Raton
Name of publisher, distributor, etc CRC Press
Date of publication, distribution, etc 2010
300 ## - PHYSICAL DESCRIPTION
Extent 444p.
690 ## - LOCAL SUBJECT ADDED ENTRY--TOPICAL TERM (OCLC, RLIN)
Topical term or geographic name as entry element Mathematics; Differential equations; Mathematical biology
700 ## - ADDED ENTRY--PERSONAL NAME
Personal name Plank, M,J.
Numeration
Titles and other words associated with a name
Holdings
Withdrawn status Lost status Damaged status Not for loan Home library Current library Date acquired Cost, normal purchase price Total Checkouts Full call number Barcode Date last seen Date checked out Price effective from Koha item type
        Central University Of Rajasthan Central University Of Rajasthan 16/01/2013 0.00 1 574.0151535 J73D 11212 06/10/2025 25/09/2025 02/09/2020 Books